| 000 | 00519nam a2200217Ia 4500 | ||
|---|---|---|---|
| 003 | OSt | ||
| 005 | 20230405112924.0 | ||
| 008 | 210423s2007 xx 000 0 und d | ||
| 020 | _a8184120354 | ||
| 040 | _cAL | ||
| 041 | _aeng | ||
| 082 |
_a510.01 VERA _223 |
||
| 100 |
_aVERMA (A P). _983263 |
||
| 245 | _aBusiness mathematics. | ||
| 250 | _a3 | ||
| 260 |
_aNew Delhi _bAsian Books Pvt Ltd _c2007 |
||
| 300 |
_avi,26.32,16 _bPB |
||
| 365 |
_b450 _cINR |
||
| 906 | _aBusiness ; mathematics. | ||
| 942 |
_2ddc _cBK |
||
| 999 |
_c158726 _d158726 |
||